000 00306nam a22001337a 4500
003 SGT
082 _a370
_bH13G
100 _aGURJAR, DR. KESHAV SINGH
245 _aHUMAN ANATOMY AND PHYSIOLOGY
260 _aNEW DELHI
_bKHEL SAHITYA KENDRA
_c2013
300 _a284
650 _aEDUCATION
942 _2ddc
_cBK
999 _c12302
_d12302